[Event "Nordic Chess-ch 2019"]
[Site "Sarpsborg"]
[Date "2019.06.24"]
[Round "5.28"]
[White "Henriksen, Morgan"]
[Black "Nordtug, Per Oistein"]
[Result "1-0"]
[WhiteElo "1717"]
[BlackElo "1456"]
[Annotator "NA"]
[PlyCount "58"]
[EventDate "2019.06.21"]
[EventType "swiss"]
[EventCountry "NOR"]
[SourceTitle "playchess.com"]
[Source "ChessBase"]
[SourceQuality "1"]
[TimeControl "40/5400+30:1800+30"]

1. d4 {[%emt 0:00:00]} Nf6 {[%emt 0:00:00]} 2. c4 {[%emt 0:00:00]} e6 {[%emt 0:00:00]} 3. Nc3 {[%emt 0:00:00]} d5 {[%emt 0:00:05]} 4. Bg5 {[%emt 0:00:49]} Be7 {[%emt 0:00:24]} 5. e3 {[%emt 0:00:06]} c6 {[%emt 0:00:24]} 6. Nf3 {[%emt 0:00:18]} Nbd7 {[%emt 0:00:10]} 7. Bd3 {[%emt 0:00:21]} dxc4 {[%emt 0:00:09]} 8. Bxc4 {[%emt 0:00:06]} b5 {[%emt 0:00:08]} 9. Bd3 {[%emt 0:00:04]} Bb7 {[%emt 0:00:30]} 10. O-O {[%emt 0:00:12]} a6 {[%emt 0:00:09]} 11. Rc1 {[%emt 0:00:28]} Rc8 {[%emt 0:01:27]} 12. Bb1 {[%emt 0:00:12]} c5 {[%emt 0:03:06]} 13. dxc5 {[%emt 0:01:37]} Nxc5 {[%emt 0:01:26]} 14. Qe2 {[%emt 0:05:58]} b4 {[%emt 0:04:34]} 15. Nd1 {[%emt 0:00:13]} O-O {[%emt 0:00:58]} 16. Nd4 {[%emt 0:03:05]} Qd5 {[%emt 0:01:52]} 17. Nf3 {[%emt 0:00:15]} Nce4 {[%emt 0:04:19]} 18. Bxe4 {[%emt 0:09:57]} Qxe4 {[%emt 0:01:00]} 19. Rxc8 {[%emt 0:01:37]} Rxc8 {[%emt 0:00:06]} 20. Ne1 {[%emt 0:02:34]} Rc2 {[%emt 0:01:47]} 21. Qxc2 {[%emt 0:01:35]} Qd5 {[%emt 0:09:36]} 22. Bxf6 {[%emt 0:02:32]} Bxf6 {[%emt 0:00:09]} 23. b3 {[%emt 0:02:00]} a5 {[%emt 0:00:42]} 24. f3 {[%emt 0:00:56]} Ba6 {[%emt 0:00:42]} 25. Rf2 {[%emt 0:01:32]} Qb5 {[%emt 0:02:45]} 26. Nb2 {[%emt 0:07:44]} Qe5 {[%emt 0:01:18]} 27. Qd2 {[%emt 0:05:05]} Qc3 {[%emt 0:01:28]} 28. Qxc3 {[%emt 0:03:25]} Bxc3 {[%emt 0:00:31]} 29. Ned3 {[%emt 0:01:16]} Bxb2 {[%emt 0:03:39]} 1-0

[Event "Nordic Chess-ch 2019"]
[Site "Sarpsborg"]
[Date "2019.06.24"]
[Round "5.29"]
[White "Blauhut, Anna"]
[Black "Eiding, Amanda Mai Irgens"]
[Result "0-1"]
[WhiteElo "1156"]
[BlackElo "1655"]
[Annotator "NA"]
[PlyCount "192"]
[EventDate "2019.06.21"]
[EventType "swiss"]
[EventCountry "NOR"]
[SourceTitle "playchess.com"]
[Source "ChessBase"]
[SourceQuality "1"]
[TimeControl "40/5400+30:1800+30"]

1. e4 {[%emt 0:00:00]} c5 {[%emt 0:00:00]} 2. Nf3 {[%emt 0:00:00]} g6 {[%emt 0:00:00]} 3. c3 {[%emt 0:00:08]} Bg7 {[%emt 0:00:00]} 4. d4 {[%emt 0:00:21]} cxd4 {[%emt 0:00:03]} 5. cxd4 {[%emt 0:00:15]} d5 {[%emt 0:00:08]} 6. e5 {[%emt 0:00:16]} Bg4 {[%emt 0:00:13]} 7. Bb5+ {[%emt 0:00:49]} Nd7 {[%emt 0:00:12]} 8. Nbd2 {[%emt 0:00:44]} a6 {[%emt 0:00:13]} 9. Bd3 {[%emt 0:00:24]} e6 {[%emt 0:00:32]} 10. O-O {[%emt 0:00:41]} Ne7 {[%emt 0:00:08]} 11. b3 {[%emt 0:04:01]} Qa5 {[%emt 0:04:54]} 12. Bb2 {[%emt 0:03:55]} O-O {[%emt 0:00:17]} 13. h3 {[%emt 0:01:35]} Bf5 {[%emt 0:07:48]} 14. Bxf5 {[%emt 0:01:47]} Nxf5 {[%emt 0:00:08]} 15. Re1 {[%emt 0:01:50]} Qb6 {[%emt 0:02:53]} 16. Nf1 {[%emt 0:01:00]} Rfe8 {[%emt 0:06:27]} 17. Qd3 {[%emt 0:03:14]} Ne7 {[%emt 0:01:18]} 18. Rac1 {[%emt 0:01:26]} Nc6 {[%emt 0:00:18]} 19. a3 {[%emt 0:02:05]} Na5 {[%emt 0:00:42]} 20. Rc3 {[%emt 0:02:13]} f6 {[%emt 0:03:39]} 21. exf6 {[%emt 0:03:59]} Nxf6 {[%emt 0:02:23]} 22. Ng3 {[%emt 0:02:46]} Nd7 {[%emt 0:01:18]} 23. Bc1 {[%emt 0:07:50]} Nc6 {[%emt 0:05:53]} 24. Be3 {[%emt 0:02:23]} a5 {[%emt 0:07:23]} 25. Rc2 {[%emt 0:03:09]} Bf8 {[%emt 0:04:05]} 26. Bc1 {[%emt 0:02:28]} Bg7 {[%emt 0:02:33]} 27. Be3 {[%emt 0:00:23]} Rac8 {[%emt 0:01:36]} 28. Ne2 {[%emt 0:04:38]} Bf8 {[%emt 0:03:04]} 29. Bc1 {[%emt 0:01:02]} Nf6 {[%emt 0:00:41]} 30. Ng3 {[%emt 0:02:50]} Na7 {[%emt 0:10:49]} 31. Rxc8 {[%emt 0:01:12]} Rxc8 {[%emt 0:01:14]} 32. Bb2 {[%emt 0:01:07]} Re8 {[%emt 0:01:26]} 33. Ne5 {[%emt 0:01:17]} Bd6 {[%emt 0:02:15]} 34. f4 {[%emt 0:02:20]} Nc6 {[%emt 0:01:22]} 35. Ne2 {[%emt 0:00:58]} Bxe5 {[%emt 0:02:14]} 36. fxe5 {[%emt 0:00:54]} Nxe5 {[%emt 0:00:16]} 37. Qg3 {[%emt 0:02:45]} Ned7 {[%emt 0:01:56]} 38. Kh1 {[%emt 0:00:36]} Ne4 {[%emt 0:00:33]} 39. Qe3 {[%emt 0:01:26]} Rf8 {[%emt 0:02:34]} 40. Ng3 {[%emt 0:02:18]} Ndf6 {[%emt 0:01:04]} 41. Rf1 {[%emt 0:31:30]} Qd6 {[%emt 0:31:44]} 42. Nxe4 {[%emt 0:01:17]} Nxe4 {[%emt 0:00:19]} 43. Rxf8+ {[%emt 0:00:19]} Qxf8 {[%emt 0:00:21]} 44. Kg1 {[%emt 0:00:59]} Kg7 {[%emt 0:01:01]} 45. Qe1 {[%emt 0:01:11]} b6 {[%emt 0:00:42]} 46. b4 {[%emt 0:00:58]} axb4 {[%emt 0:00:13]} 47. Qxb4 {[%emt 0:00:34]} Qxb4 {[%emt 0:01:00]} 48. axb4 {[%emt 0:00:10]} Kf6 {[%emt 0:00:13]} 49. Kf1 {[%emt 0:00:36]} Ke7 {[%emt 0:02:29]} 50. Ke2 {[%emt 0:00:24]} Kd6 {[%emt 0:00:12]} 51. Kd3 {[%emt 0:00:25]} Kc6 {[%emt 0:00:10]} 52. Kc2 {[%emt 0:00:17]} Kb5 {[%emt 0:00:37]} 53. Kb3 {[%emt 0:00:18]} Nd2+ {[%emt 0:01:57]} 54. Kc3 {[%emt 0:00:45]} Ne4+ {[%emt 0:01:31]} 55. Kb3 {[%emt 0:00:15]} Kc6 {[%emt 0:01:04]} 56. Bc1 {[%emt 0:01:43]} b5 {[%emt 0:00:19]} 57. Bf4 {[%emt 0:00:26]} Kd7 {[%emt 0:01:27]} 58. Be5 {[%emt 0:00:19]} Nd6 {[%emt 0:00:44]} 59. Kc3 {[%emt 0:00:53]} Nf7 {[%emt 0:01:39]} 60. Bf6 {[%emt 0:00:40]} Kd6 {[%emt 0:00:21]} 61. Kd3 {[%emt 0:00:56]} e5 {[%emt 0:00:24]} 62. g4 {[%emt 0:00:44]} Ke6 {[%emt 0:00:40]} 63. Bh4 {[%emt 0:00:24]} e4+ {[%emt 0:01:47]} 64. Ke3 {[%emt 0:00:16]} Nd6 {[%emt 0:00:55]} 65. Kf4 {[%emt 0:00:41]} h6 {[%emt 0:00:41]} 66. Bf2 {[%emt 0:00:32]} Nf7 {[%emt 0:01:09]} 67. h4 {[%emt 0:00:37]} Kf6 {[%emt 0:00:38]} 68. h5 {[%emt 0:00:46]} g5+ {[%emt 0:01:54]} 69. Kg3 {[%emt 0:00:18]} Nd8 {[%emt 0:00:17]} 70. Be1 {[%emt 0:00:24]} Nc6 {[%emt 0:01:07]} 71. Bc3 {[%emt 0:00:16]} Ke6 {[%emt 0:00:09]} 72. Kf2 {[%emt 0:00:41]} Ne7 {[%emt 0:00:33]} 73. Kg3 {[%emt 0:00:44]} Ng8 {[%emt 0:00:13]} 74. Bd2 {[%emt 0:00:23]} Nf6 {[%emt 0:00:33]} 75. Be3 {[%emt 0:00:23]} Ne8 {[%emt 0:00:27]} 76. Kf2 {[%emt 0:00:43]} Kf7 {[%emt 0:00:20]} 77. Kg3 {[%emt 0:00:22]} Nc7 {[%emt 0:00:50]} 78. Bd2 {[%emt 0:00:31]} Ne6 {[%emt 0:00:25]} 79. Be3 {[%emt 0:00:29]} Ke7 {[%emt 0:00:23]} 80. Bf2 {[%emt 0:00:36]} Nf4 {[%emt 0:00:18]} 81. Be3 {[%emt 0:00:37]} Nd3 {[%emt 0:01:31]} 82. Bd2 {[%emt 0:00:21]} Ke6 {[%emt 0:00:44]} 83. Bc3 {[%emt 0:00:36]} Nf4 {[%emt 0:00:33]} 84. Bd2 {[%emt 0:00:57]} Ne2+ {[%emt 0:00:16]} 85. Kf2 {[%emt 0:00:34]} Nxd4 {[%emt 0:03:53]} 86. Bc3 {[%emt 0:00:58]} Nc6 {[%emt 0:00:28]} 87. Ke3 {[%emt 0:00:21]} Kf7 {[%emt 0:00:44]} 88. Bd2 {[%emt 0:01:02]} Ne5 {[%emt 0:00:26]} 89. Kd4 {[%emt 0:00:53]} Ke6 {[%emt 0:01:51]} 90. Kc5 {[%emt 0:00:32]} Nc4 {[%emt 0:00:50]} 91. Bc1 {[%emt 0:00:56]} e3 {[%emt 0:00:23]} 92. Bxe3 {[%emt 0:01:22]} Nxe3 {[%emt 0:00:16]} 93. Kxb5 {[%emt 0:00:08]} Nxg4 {[%emt 0:00:27]} 94. Kc5 {[%emt 0:00:55]} Ne5 {[%emt 0:00:19]} 95. b5 {[%emt 0:01:22]} g4 {[%emt 0:00:22]} 96. b6 {[%emt 0:00:21]} Nd7+ {[%emt 0:00:16]} 0-1

[Event "Nordic Chess-ch 2019"]
[Site "Sarpsborg"]
[Date "2019.06.24"]
[Round "5.30"]
[White "Berisha, Xhafer"]
[Black "Haggar, Haytham"]
[Result "0-1"]
[WhiteElo "1340"]
[BlackElo "1309"]
[Annotator "NA"]
[PlyCount "32"]
[EventDate "2019.06.21"]
[EventType "swiss"]
[EventCountry "NOR"]
[SourceTitle "playchess.com"]
[Source "ChessBase"]
[SourceQuality "1"]
[TimeControl "40/5400+30:1800+30"]

1. e3 {[%emt 0:00:23]} d5 {[%emt 0:00:26]} 2. c4 {[%emt 0:00:23]} c6 {[%emt 0:00:31]} 3. d4 {[%emt 0:00:37]} Nf6 {[%emt 0:00:52]} 4. Nc3 {[%emt 0:06:40]} g6 {[%emt 0:01:11]} 5. Be2 {[%emt 0:00:31]} Bg7 {[%emt 0:00:21]} 6. Nf3 {[%emt 0:00:18]} O-O {[%emt 0:00:26]} 7. cxd5 {[%emt 0:00:19]} cxd5 {[%emt 0:00:59]} 8. Bd2 {[%emt 0:00:27]} Bf5 {[%emt 0:02:24]} 9. h3 {[%emt 0:00:45]} Nc6 {[%emt 0:01:52]} 10. a3 {[%emt 0:00:29]} Rc8 {[%emt 0:02:57]} 11. Rc1 {[%emt 0:00:27]} Re8 {[%emt 0:04:10]} 12. Nh4 {[%emt 0:00:35]} Be6 {[%emt 0:01:24]} 13. g4 {[%emt 0:00:39]} a6 {[%emt 0:05:24]} 14. Bf3 {[%emt 0:00:24]} Na5 {[%emt 0:03:37]} 15. Be2 Ne4 {[%emt 0:00:30]} 16. Nxe4 dxe4 {[%emt 0:00:30]} 0-1

[Event "Nordic Chess-ch 2019"]
[Site "Sarpsborg"]
[Date "2019.06.24"]
[Round "5.31"]
[White "Ulrichsen, Jarl H"]
[Black "Eriksson, Kristian"]
[Result "1/2-1/2"]
[WhiteElo "2180"]
[BlackElo "2111"]
[Annotator "NA"]
[PlyCount "64"]
[EventDate "2019.06.21"]
[EventType "swiss"]
[EventCountry "NOR"]
[SourceTitle "playchess.com"]
[Source "ChessBase"]
[SourceQuality "1"]
[TimeControl "40/5400+30:1800+30"]

1. e4 {[%emt 0:00:00]} e5 {[%emt 0:00:14]} 2. Nf3 {[%emt 0:00:51]} Nc6 {[%emt 0:00:10]} 3. Nc3 {[%emt 0:04:13]} Nf6 {[%emt 0:00:44]} 4. d4 {[%emt 0:09:01]} Bb4 {[%emt 0:01:35]} 5. Bg5 {[%emt 0:24:46]} h6 {[%emt 0:04:52]} 6. Bxf6 {[%emt 0:07:29]} Qxf6 {[%emt 0:01:14]} 7. dxe5 {[%emt 0:01:41]} Nxe5 {[%emt 0:03:52]} 8. Nxe5 {[%emt 0:02:45]} Qxe5 {[%emt 0:01:22]} 9. Qd3 {[%emt 0:11:30]} Bxc3+ {[%emt 0:15:07]} 10. bxc3 {[%emt 0:06:33]} O-O {[%emt 0:05:05]} 11. Be2 {[%emt 0:03:40]} Re8 {[%emt 0:07:02]} 12. f3 {[%emt 0:03:42]} d5 {[%emt 0:06:48]} 13. Qxd5 {[%emt 0:01:39]} Qxc3+ {[%emt 0:00:10]} 14. Kf2 {[%emt 0:00:05]} Be6 {[%emt 0:02:15]} 15. Qd3 {[%emt 0:01:28]} Qe5 {[%emt 0:04:26]} 16. Qe3 {[%emt 0:02:43]} f5 {[%emt 0:05:50]} 17. f4 {[%emt 0:05:37]} Qxe4 {[%emt 0:01:22]} 18. Qxe4 {[%emt 0:00:07]} fxe4 {[%emt 0:00:06]} 19. Ke3 {[%emt 0:00:08]} Rad8 {[%emt 0:03:56]} 20. Rhb1 {[%emt 0:02:12]} b6 {[%emt 0:05:19]} 21. a4 {[%emt 0:01:02]} a5 {[%emt 0:05:50]} 22. c4 {[%emt 0:00:51]} Bd7 {[%emt 0:05:43]} 23. c5 {[%emt 0:02:46]} bxc5 {[%emt 0:06:23]} 24. Rc1 {[%emt 0:00:09]} Rb8 {[%emt 0:01:52]} 25. Ra3 {[%emt 0:00:17]} Rb4 {[%emt 0:01:20]} 26. Rxc5 {[%emt 0:00:11]} Rxa4 {[%emt 0:00:59]} 27. Rxa4 {[%emt 0:00:36]} Bxa4 {[%emt 0:00:02]} 28. Rxa5 {[%emt 0:00:59]} Bb3 {[%emt 0:01:52]} 29. Rc5 {[%emt 0:01:51]} Re7 {[%emt 0:00:16]} 30. Bc4+ {[%emt 0:00:48]} Bxc4 {[%emt 0:00:17]} 31. Rxc4 {[%emt 0:00:02]} Kf7 {[%emt 0:01:17]} 32. g4 {[%emt 0:01:19]} Kf6 {[%emt 0:01:47]} 1/2-1/2

[Event "Nordic Chess-ch 2019"]
[Site "Sarpsborg"]
[Date "2019.06.24"]
[Round "5.32"]
[White "Store, Trond"]
[Black "Holst, Conny"]
[Result "1-0"]
[WhiteElo "2100"]
[BlackElo "2197"]
[Annotator "NA"]
[PlyCount "79"]
[EventDate "2019.06.21"]
[EventType "swiss"]
[EventCountry "NOR"]
[SourceTitle "playchess.com"]
[Source "ChessBase"]
[SourceQuality "1"]
[TimeControl "40/5400+30:1800+30"]

1. Nf3 {[%emt 0:00:00]} Nf6 {[%emt 0:00:00]} 2. c4 {[%emt 0:00:00]} e6 {[%emt 0:00:48]} 3. Nc3 {[%emt 0:00:00]} d5 {[%emt 0:04:10]} 4. d4 {[%emt 0:00:25]} Be7 {[%emt 0:01:18]} 5. Bg5 {[%emt 0:02:49]} O-O {[%emt 0:00:32]} 6. e3 {[%emt 0:00:26]} c6 {[%emt 0:10:40]} 7. Qc2 {[%emt 0:07:32]} Nbd7 {[%emt 0:04:12]} 8. cxd5 {[%emt 0:03:37]} exd5 {[%emt 0:01:37]} 9. Bd3 {[%emt 0:00:44]} Re8 {[%emt 0:03:53]} 10. O-O {[%emt 0:00:39]} h6 {[%emt 0:05:16]} 11. Bf4 {[%emt 0:01:58]} Nf8 {[%emt 0:01:12]} 12. h3 {[%emt 0:05:54]} Bd6 {[%emt 0:06:44]} 13. Be5 {[%emt 0:01:38]} Bxe5 {[%emt 0:02:18]} 14. Nxe5 {[%emt 0:00:13]} c5 {[%emt 0:09:12]} 15. Bb5 {[%emt 0:07:54]} Re6 {[%emt 0:01:57]} 16. a4 {[%emt 0:07:19]} c4 {[%emt 0:06:10]} 17. a5 {[%emt 0:02:01]} a6 {[%emt 0:00:35]} 18. Ba4 {[%emt 0:00:11]} b5 {[%emt 0:00:12]} 19. axb6 {[%emt 0:00:23]} Qxb6 {[%emt 0:00:53]} 20. b3 {[%emt 0:01:56]} Bb7 {[%emt 0:04:54]} 21. bxc4 {[%emt 0:03:40]} dxc4 {[%emt 0:01:46]} 22. Nxc4 {[%emt 0:01:02]} Qc7 {[%emt 0:00:28]} 23. Ne5 {[%emt 0:00:27]} Rc8 {[%emt 0:07:28]} 24. Rfc1 {[%emt 0:06:23]} Qd8 {[%emt 0:07:14]} 25. Qa2 {[%emt 0:03:50]} Re7 {[%emt 0:07:32]} 26. Bb3 {[%emt 0:41:59]} Ne6 {[%emt 0:00:15]} 27. Bc4 {[%emt 0:00:00]} Ng5 {[%emt 0:06:32]} 28. f4 {[%emt 0:00:00]} Rxe5 {[%emt 0:05:13]} 29. dxe5 {[%emt 0:00:00]} Nfe4 {[%emt 0:00:54]} 30. fxg5 {[%emt 0:00:00]} Nxg5 {[%emt 0:00:34]} 31. Bf1 {[%emt 0:00:00]} Nxh3+ {[%emt 0:00:24]} 32. gxh3 {[%emt 0:00:00]} Qg5+ {[%emt 0:00:09]} 33. Bg2 {[%emt 0:00:00]} Rc6 {[%emt 0:00:41]} 34. e4 {[%emt 0:02:10]} Qxe5 {[%emt 0:00:30]} 35. Nd5 {[%emt 0:01:06]} Rg6 {[%emt 0:00:22]} 36. Re1 {[%emt 0:00:23]} Bc8 {[%emt 0:00:31]} 37. Qa3 {[%emt 0:00:22]} Rg3 {[%emt 0:00:32]} 38. Qc5 {[%emt 0:01:14]} Rxg2+ {[%emt 0:00:45]} 39. Kxg2 {[%emt 0:00:12]} Qg5+ {[%emt 0:00:20]} 40. Kh1 {[%emt 0:00:42]} 1-0

[Event "Nordic Chess-ch 2019"]
[Site "Sarpsborg"]
[Date "2019.06.24"]
[Round "5.33"]
[White "Larsen, Bjorn"]
[Black "Dogani, Avduraim"]
[Result "0-1"]
[WhiteElo "1680"]
[BlackElo "2107"]
[Annotator "ChessBase"]
[PlyCount "108"]
[EventDate "2019.06.21"]
[EventType "swiss"]
[EventCountry "NOR"]
[SourceTitle "playchess.com"]
[Source "ChessBase"]
[SourceQuality "1"]
[TimeControl "40/5400+30:1800+30"]

1. e4 {[%emt 0:00:00]} e5 {[%emt 0:00:00]} 2. Nf3 {[%emt 0:00:08]} Nc6 {[%emt 0:00:00]} 3. Bc4 {[%emt 0:00:11]} Bc5 {[%emt 0:00:38]} 4. c3 {[%emt 0:00:26]} d6 {[%emt 0:00:54]} 5. b4 {[%emt 0:02:51]} Bb6 {[%emt 0:00:02]} 6. a4 {[%emt 0:00:30]} a5 {[%emt 0:00:43]} 7. b5 {[%emt 0:00:28]} Nce7 {[%emt 0:04:59]} 8. Qb3 {[%emt 0:02:41]} Nh6 {[%emt 0:00:04]} 9. d4 {[%emt 0:04:09]} f6 {[%emt 0:13:47]} 10. Bxh6 {[%emt 0:14:01]} gxh6 {[%emt 0:00:12]} 11. Bf7+ {[%emt 0:02:30]} Kf8 {[%emt 0:00:18]} 12. Bh5 {[%emt 0:07:55]} Ng6 {[%emt 0:00:21]} 13. Nh4 {[%emt 0:09:20]} Qe8 {[%emt 0:04:29]} 14. dxe5 {[%emt 0:03:02]} fxe5 {[%emt 0:07:49]} 15. Nf5 {[%emt 0:16:20]} Qe6 {[%emt 0:06:04]} 16. Qxe6 {[%emt 0:02:41]} Bxe6 {[%emt 0:00:33]} 17. g3 {[%emt 0:07:24]} Bxf5 {[%emt 0:02:25]} 18. exf5 {[%emt 0:00:13]} Ne7 {[%emt 0:00:02]} 19. Bf3 {[%emt 0:02:17]} Rb8 {[%emt 0:02:58]} 20. g4 {[%emt 0:00:49]} h5 {[%emt 0:01:33]} 21. h3 {[%emt 0:00:59]} Kg7 {[%emt 0:01:12]} 22. Nd2 {[%emt 0:02:22]} d5 {[%emt 0:04:56]} 23. g5 {[%emt 0:06:35]} Nxf5 {[%emt 0:03:54]} 24. Bxd5 {[%emt 0:00:29]} Rbd8 {[%emt 0:01:39]} 25. Be4 {[%emt 0:01:51]} Nd6 {[%emt 0:00:43]} 26. Bg2 {[%emt 0:03:51]} Rhf8 {[%emt 0:00:59]} 27. O-O {[%emt 0:02:36]} Rf4 {[%emt 0:00:23]} 28. Rae1 {[%emt 0:01:37]} Rdf8 {[%emt 0:03:01]} 29. Nf3 {[%emt 0:00:49]} Rxf3 {[%emt 0:01:17]} 30. Bxf3 {[%emt 0:00:15]} Rxf3 {[%emt 0:00:07]} 31. Rxe5 {[%emt 0:00:24]} Rxh3 {[%emt 0:00:57]} 32. Rfe1 {[%emt 0:01:51]} Nf7 {[%emt 0:02:09]} 33. Rf5 {[%emt 0:01:22]} Rg3+ {[%emt 0:00:32]} 34. Kf1 {[%emt 0:00:36]} Rxg5 {[%emt 0:00:08]} 35. Rxg5+ {[%emt 0:01:05]} Nxg5 {[%emt 0:00:08]} 36. f3 {[%emt 0:00:54]} Nxf3 {[%emt 0:38:04]} 37. Re7+ {[%emt 0:00:28]} Kg6 {[%emt 0:00:00]} 38. Kg2 {[%emt 0:00:19]} Ng5 {[%emt 0:00:00]} 39. c4 {[%emt 0:01:15]} h4 {[%emt 0:00:00]} 40. Re5 {[%emt 0:00:37]} h3+ {[%emt 0:00:00]} 41. Kh1 {[%emt 0:30:15]} Bf2 {[%emt 0:00:00]} 42. Re7 {[%emt 0:00:15]} Bg3 {[%emt 0:00:00]} 43. c5 {[%emt 0:01:15]} b6 {[%emt 0:00:20]} 44. cxb6 {[%emt 0:00:31]} cxb6 {[%emt 0:00:09]} 45. Re3 {[%emt 0:00:18]} Bf4 {[%emt 0:01:03]} 46. Rd3 {[%emt 0:00:41]} Kf5 {[%emt 0:00:15]} 47. Rc3 {[%emt 0:00:42]} Ne4 {[%emt 0:00:23]} 48. Rb3 {[%emt 0:00:35]} Nf2+ {[%emt 0:00:40]} 49. Kg1 {[%emt 0:00:18]} h2+ {[%emt 0:00:11]} 50. Kxf2 {[%emt 0:00:16]} h1=Q {[%emt 0:00:04]} 51. Rc3 {[%emt 0:00:57]} Kg4 {[%emt 0:00:33]} 52. Rc6 {[%emt 0:00:35]} Qh2+ {[%emt 0:00:17]} 53. Kf1 {[%emt 0:00:34]} Kf3 {[%emt 0:00:43]} 54. Rc3+ {[%emt 0:00:17]} Be3 {[%emt 0:00:08]} 0-1

[Event "Nordic Chess-ch 2019"]
[Site "Sarpsborg"]
[Date "2019.06.24"]
[Round "5.34"]
[White "Andersen, Dag"]
[Black "Hauge, Tor Arne"]
[Result "0-1"]
[WhiteElo "1817"]
[BlackElo "2022"]
[Annotator "NA"]
[PlyCount "120"]
[EventDate "2019.06.21"]
[EventType "swiss"]
[EventCountry "NOR"]
[SourceTitle "playchess.com"]
[Source "ChessBase"]
[SourceQuality "1"]
[TimeControl "40/5400+30:1800+30"]

1. d4 {[%emt 0:00:00]} Nf6 {[%emt 0:00:00]} 2. c4 {[%emt 0:00:00]} g6 {[%emt 0:00:18]} 3. Nc3 {[%emt 0:00:00]} Bg7 {[%emt 0:00:31]} 4. e4 {[%emt 0:00:00]} d6 {[%emt 0:00:18]} 5. Nf3 {[%emt 0:00:06]} O-O {[%emt 0:00:29]} 6. Be2 {[%emt 0:00:07]} c6 {[%emt 0:06:16]} 7. O-O {[%emt 0:00:15]} Bg4 {[%emt 0:01:18]} 8. Be3 {[%emt 0:01:09]} Nfd7 {[%emt 0:07:49]} 9. Ng5 {[%emt 0:05:59]} Bxe2 {[%emt 0:00:45]} 10. Qxe2 {[%emt 0:00:18]} e6 {[%emt 0:25:30]} 11. f4 {[%emt 0:01:34]} h6 {[%emt 0:02:25]} 12. Nh3 {[%emt 0:03:16]} f5 {[%emt 0:01:53]} 13. e5 {[%emt 0:02:29]} d5 {[%emt 0:09:01]} 14. cxd5 {[%emt 0:00:37]} cxd5 {[%emt 0:01:33]} 15. Nb5 {[%emt 0:00:45]} Nb6 {[%emt 0:01:50]} 16. b3 {[%emt 0:00:47]} a6 {[%emt 0:06:38]} 17. Nd6 {[%emt 0:00:47]} Qd7 {[%emt 0:00:12]} 18. Rac1 {[%emt 0:00:31]} Nc8 {[%emt 0:01:56]} 19. Nxc8 {[%emt 0:01:20]} Rxc8 {[%emt 0:00:05]} 20. Rxc8+ {[%emt 0:00:12]} Qxc8 {[%emt 0:00:06]} 21. Rc1 {[%emt 0:00:25]} Qd7 {[%emt 0:01:48]} 22. Nf2 {[%emt 0:00:34]} Nc6 {[%emt 0:01:58]} 23. Nd3 {[%emt 0:00:17]} Bf8 {[%emt 0:00:12]} 24. g4 {[%emt 0:02:03]} fxg4 {[%emt 0:01:24]} 25. Qxg4 {[%emt 0:00:36]} Qf7 {[%emt 0:00:44]} 26. Kh1 {[%emt 0:00:59]} Qf5 {[%emt 0:01:29]} 27. Qxf5 {[%emt 0:00:37]} gxf5 {[%emt 0:00:20]} 28. Ne1 {[%emt 0:04:04]} Kf7 {[%emt 0:01:02]} 29. Nf3 {[%emt 0:00:09]} Be7 {[%emt 0:01:01]} 30. Bd2 {[%emt 0:04:09]} Rg8 {[%emt 0:03:42]} 31. Be1 {[%emt 0:08:20]} Ba3 {[%emt 0:06:23]} 32. Rc2 {[%emt 0:00:49]} Be7 {[%emt 0:00:51]} 33. h3 {[%emt 0:00:54]} Bd8 {[%emt 0:02:33]} 34. Kh2 {[%emt 0:02:01]} Be7 {[%emt 0:00:16]} 35. Bd2 {[%emt 0:00:38]} Re8 {[%emt 0:00:22]} 36. Be3 {[%emt 0:01:23]} Bb4 {[%emt 0:00:36]} 37. Kg2 {[%emt 0:01:35]} Ba5 {[%emt 0:00:55]} 38. a3 {[%emt 0:00:32]} Bd8 {[%emt 0:00:20]} 39. b4 {[%emt 0:00:47]} Be7 {[%emt 0:00:38]} 40. Nd2 {[%emt 0:00:51]} Bh4 {[%emt 0:06:32]} 41. Nf1 {[%emt 0:34:20]} Rg8+ {[%emt 0:35:58]} 42. Kf3 {[%emt 0:00:25]} Rc8 {[%emt 0:00:30]} 43. Kg2 {[%emt 0:01:46]} Re8 {[%emt 0:00:00]} 44. Kf3 {[%emt 0:00:00]} Rg8 {[%emt 0:00:00]} 45. Rc5 {[%emt 0:00:00]} Bd8 {[%emt 0:00:00]} 46. Rc3 {[%emt 0:00:00]} Bb6 {[%emt 0:00:00]} 47. Rd3 {[%emt 0:00:00]} Rc8 {[%emt 0:00:00]} 48. Nd2 {[%emt 0:00:00]} Ne7 {[%emt 0:00:00]} 49. Nb3 {[%emt 0:00:00]} Rc2 {[%emt 0:00:00]} 50. Nc5 {[%emt 0:00:00]} Bxc5 {[%emt 0:00:00]} 51. bxc5 {[%emt 0:00:00]} Rb2 {[%emt 0:00:00]} 52. Bd2 {[%emt 0:00:00]} Nc6 {[%emt 0:00:00]} 53. Kg3 {[%emt 0:00:00]} a5 {[%emt 0:00:00]} 54. Kh4 {[%emt 0:00:00]} a4 {[%emt 0:00:00]} 55. Bc1 {[%emt 0:00:00]} Rb1 {[%emt 0:00:00]} 56. Bd2 {[%emt 0:00:00]} Rb3 {[%emt 0:00:00]} 57. Bc3 {[%emt 0:00:00]} Rxa3 {[%emt 0:00:00]} 58. Rg3 {[%emt 0:00:00]} Rb3 {[%emt 0:01:21]} 59. Kh5 {[%emt 0:00:00]} a3 {[%emt 0:01:54]} 60. Kxh6 {[%emt 0:00:00]} a2 {[%emt 0:00:21]} 0-1